Computer graphics : C version (Record no. 175569)

MARC details
000 -LEADER
fixed length control field 00447nam a2200169Ia 4500
008 - FIXED-LENGTH DATA ELEMENTS--GENERAL INFORMATION
fixed length control field 231217s9999 xx 000 0 und d
041 ## - LANGUAGE CODE
Language code of text/sound track or separate title English
082 ## - DEWEY DECIMAL CLASSIFICATION NUMBER
Classification number 006.6 HEA;53
100 ## - MAIN ENTRY--PERSONAL NAME
Personal name Hearn, Donald. Baker, M Pauline.
245 #0 - TITLE STATEMENT
Title Computer graphics : C version
250 ## - EDITION STATEMENT
Edition statement 2nd ed.
260 ## - PUBLICATION, DISTRIBUTION, ETC.
Date of publication, distribution, etc. 1997
Name of publisher, distributor, etc. Pearson
Place of publication, distribution, etc. Delhi
300 ## - PHYSICAL DESCRIPTION
Extent xx+652
500 ## - GENERAL NOTE
General note Content page available
650 ## - SUBJECT ADDED ENTRY--TOPICAL TERM
Topical term or geographic name entry element Computer,graphics,:,C,version
942 ## - ADDED ENTRY ELEMENTS (KOHA)
Koha item type Books
Holdings
Date last seen Total checkouts Full call number Accession number Uniform resource identifier Cost, total (INR) price Price effective from Category Lost status Damaged status Department Withdrawn status Home library Current library Shelving location Entry date Vendor Cost, normal purchase price Grants Billnumber Billdate Currency symbol Conversion rate Discount Old discount
26/01/2024   006.6 HEA;53 36284 digital/contents/45696.pdf 340.00 26/01/2024 Books     Central Library   Central Library Central Library Central Library 13/06/2005 Sapna Book House 425.00 IS 27804 07/04/2003 RS 1 85 20
26/01/2024   006.6 HEA;54 36285 digital/contents/45696.pdf 340.00 26/01/2024 Books     Central Library   Central Library Central Library Central Library 13/06/2005 Sapna Book House 425.00 IS 27804 29/03/2010 RS 1 85 20
26/01/2024   006.6 HEA;55 36286 digital/contents/45696.pdf 340.00 26/01/2024 Books     Central Library   Central Library Central Library Central Library 13/06/2005 Sapna Book House 425.00 IS 27804 28/03/2003 RS 1 85 20
26/01/2024   006.6 HEA;56 42551 digital/contents/45696.pdf   26/01/2024 Books     Central Library   Central Library Central Library Central Library 10/08/2006 Publisher   DONATED   04/01/2011 RS 1    
26/01/2024   006.6 HEA;57 42790 digital/contents/45696.pdf 318.75 26/01/2024 Books     MCA   Central Library Central Library MCA 29/08/2006 Book Paradise 425.00 MCA 33570 20/08/2008 RS 1 106.25 25
26/01/2024   006.6 HEA;58 42791 digital/contents/45696.pdf 318.75 26/01/2024 Books     MCA   Central Library Central Library MCA 29/08/2006 Book Paradise 425.00 MCA 33570 20/08/2008 RS 1 106.25 25

© For any Suggestions or Query, please contact the library staff @ librarian@pes.edu or Phone: +9180 2672 1983/ 2108.